A-Level Year 1 and 2 AS: (Record no. 249)

MARC details
000 -LEADER
fixed length control field 00485nam a22001577a 4500
005 - DATE AND TIME OF LATEST TRANSACTION
control field 20240627121828.0
008 - FIXED-LENGTH DATA ELEMENTS--GENERAL INFORMATION
fixed length control field 230317b |||||||| |||| 00| 0 eng d
020 ## - INTERNATIONAL STANDARD BOOK NUMBER
International Standard Book Number 9781782942870 (pbk)
040 ## - CATALOGING SOURCE
Original cataloging agency KMU
Transcribing agency KMU
050 ## - LIBRARY OF CONGRESS CALL NUMBER
Classification number QD 453
245 ## - TITLE STATEMENT
Title A-Level Year 1 and 2 AS:
Remainder of title Chemistry:Complete Revision and Practice/
Statement of responsibility, etc. edited by Braid Kaite etal
260 ## - PUBLICATION, DISTRIBUTION, ETC.
Place of publication, distribution, etc. Uk:
Name of publisher, distributor, etc. Group Publications Ltd,
Date of publication, distribution, etc. 2015.
300 ## - PHYSICAL DESCRIPTION
Extent 114 pages.:
Other physical details ill.;
Dimensions 28cm.
500 ## - GENERAL NOTE
General note Includes an index.
942 ## - ADDED ENTRY ELEMENTS (KOHA)
Source of classification or shelving scheme Library of Congress Classification
Koha item type Non-Fiction
Suppress in OPAC No
Holdings
Withdrawn status Lost status Source of classification or shelving scheme Damaged status Not for loan Collection Home library Current library Shelving location Date acquired Source of acquisition Total Checkouts Full call number Barcode Date last seen Date last checked out Price effective from Koha item type Total Renewals
    Library of Congress Classification     Non-fiction Kapasa Makasa University Kapasa Makasa University Open Access 17.03.2023 Book International Aid 4 QD 453 Che 2015 750666 20.04.2026 07.04.2026 17.03.2023 Non-Fiction  
    Library of Congress Classification     Non-fiction Kapasa Makasa University Kapasa Makasa University Open Access 17.03.2023 Book International Aid 4 QD 453 Che 2015 750668 20.05.2026 05.02.2025 17.03.2023 Non-Fiction  
    Library of Congress Classification     Non-fiction Kapasa Makasa University Kapasa Makasa University Open Access 17.03.2023 Book International Aid 5 QD 453 Che 2015 750664 14.07.2025 04.03.2025 17.03.2023 Non-Fiction 1
    Library of Congress Classification     Non-fiction Kapasa Makasa University Kapasa Makasa University Open Access 17.03.2023 Book International Aid 5 QD 453 Che 2015 750667 16.09.2024 27.08.2024 17.03.2023 Non-Fiction 1
    Library of Congress Classification     Non-fiction Kapasa Makasa University Kapasa Makasa University Open Access 17.03.2023 Book International Aid 4 QD 453 Che 2015 750665 20.05.2026 07.03.2024 17.03.2023 Non-Fiction 1